Dr. František Škvrnda ml.: Súčasný výskum antickej filozofie na Slovensku

Antická filozofia, kultúra a história.

Guardado en:
Detalles Bibliográficos
Autor principal: Škvrnda, František, ml., 1987-
Formato: Capítulo de libro
Lenguaje:eslovaco
Materias:
Etiquetas: Agregar Etiqueta
Sin Etiquetas, Sea el primero en etiquetar este registro!

MARC

LEADER 00000naa a2200000 4500
001 0305097
005 20241115110011.9
041 0 |a slo 
044 |a SK 
245 1 0 |a Dr. František Škvrnda ml.: Súčasný výskum antickej filozofie na Slovensku  |c František Škvrnda ml. 
520 |a Antická filozofia, kultúra a história. 
610 2 0 |a filozofia 
610 2 0 |a história 
610 2 0 |a kultúra 
610 2 0 |a literatúra 
610 2 0 |a výskum 
610 2 0 |a Slovensko 
100 1 |a Škvrnda, František, ml., 1987-